000 00554nam a2200193Ii 4500
003 JO-AjNU
008 230605s9999||||xx |||||||||||||| ||und||
040 _aJO-AjNU
_bara
_erda
_cJO-AjNU
041 _aara
050 1 4 _aQC32
100 3 _aزعيتر، عصمت ,
_eauthor
_952615
245 0 0 _aسؤال وجواب في الفيزياء
264 3 1 _aد.م : د.ن ، د.ت
300 _a170ص
336 _atext
_btxt
_2rdacontent
337 _aunmediated
_bn
_2rdamedia
338 _avolume
_bnc
_2rdacarrier
650 4 _aالفيزياء
_952616
999 _aA23318
_c26886
_d26886